| 000 | 00611nam a2200193Ia 4500 | ||
|---|---|---|---|
| 003 | GCL | ||
| 008 | 140319s9999 xx 000 0 ara d | ||
| 040 |
_aGCL / _cGCL |
||
| 082 | 0 | 4 |
_a340.1 _bع ن |
| 100 | 1 | _aعبدالمجيد محمد الحفناوى | |
| 245 | 1 | 0 |
_aنظرية الغلط فى القانون الرومانى / _cعبدالمجيد محمد الحفناوى |
| 260 |
_a[S.N] : _bمكتبه النهضه المصريه ، _c1974 |
||
| 300 | _a405 ص | ||
| 490 | _a | ||
| 650 | 0 | 4 | _aالقانون |
| 650 | 0 | 4 | _aفلسفة |
| 650 | 0 | 4 | _aالقانون الرومانى |
| 942 |
_2ddc _cBK |
||
| 999 |
_c28397 _d28397 |
||